Comparative Investion Performance of Major Industrial Countries Patter and Explanations

Gespeichert in:
Bibliographische Detailangaben
1. Verfasser: Glismann, Hans H.
Weitere Verfasser: Horn, Ernst-Jürgen
Format: Buch
Sprache:Englisch
Veröffentlicht: Kiel Institut für Weltwirtschaft 1986
Ausgabe:1. ed.
Schriftenreihe:Working Paper No.264
Tags: Tag hinzufügen
Keine Tags, Fügen Sie das erste Tag hinzu!

MARC

LEADER 00000nam a2200000 4500
001 c031890
005 20221220071158.4
041 0 |a eng 
044 |a DE 
245 1 0 |a Comparative Investion Performance of Major Industrial Countries  |b Patter and Explanations  |c Hans H. Glismann, Ernst-Jürgen Horn 
250 |a 1. ed. 
264 1 |a Kiel  |b Institut für Weltwirtschaft  |c 1986 
300 |a 33 s. 
490 1 |a Working Paper  |v No.264 
830 0 |a Working Paper  |v No.264 
100 1 |a Glismann, Hans H. 
700 1 |a Horn, Ernst-Jürgen